Celodenní pobyt dětí v přírodě ve výchovne činnosti mateřské školy

Bibliographic Details
Main Author: Štégnerová, Květoslava (Author)
Format: Article
Language:Czech

MARC

LEADER 00000nab a2200000uu 4500
001 vtls011437544
003 SK-MaSNL
005 20260303145610.0
008 230222| xo |||||||||||||||||cze|
015 |a SNBRB 
035 |a (urnnbn)urn:nbn:sk:snk:ar-002jml 
035 |a (uuid)61528942-68cf-42ba-8c92-954c0653b717 
035 |a urn:nbn:sk:snk-abccof 
040 |a SNKBUCL  |b slo  |c SNKBUCL  |e AACR2 
041 0 |a cze 
044 |a xo  |c SK 
100 1 |a Štégnerová, Květoslava  |4 aut  |9 1168117 
245 1 0 |a Celodenní pobyt dětí v přírodě ve výchovne činnosti mateřské školy  |c Květoslava Štégnerová 
773 0 |t Predškolská výchova : pedagogický časopis pre učiteľky materských škôl  |g Roč. 24, č. 12 (1969-1970), s. 328-330 
958 |a OND 
958 |a EUIPO 
958 |a article16 
999 |c 2004014  |d 2005944